[Event "9th Capablanca Memorial"]
[Site "Cienfuegos CUB"]
[Date "1972.??.??"]
[Round "7"]
[White "Ribli, Zoltan"]
[Black "Quinteros, Miguel Angel"]
[Result "0-1"]
[WhiteElo "2440"]
[BlackElo "2465"]
[EventDate "1972.02.??"]
[PlyCount "140"]

1.e4 c5 2.Nf3 d6 3.d4 cxd4 4.Nxd4 Nf6 5.Nc3 a6 6.Bc4 e6 7.Bb3 b5 8.O-O Be7
9.f4 O-O 10.e5 dxe5 11.fxe5 Nfd7 12.Bf4 Nc5 13.Nce2 Bb7 14.Qe1 Nc6 15.Nxc6
Bxc6 16.Rd1 Qb6 17.Qf2 Be4 18.c3 Rad8 19.Be3 Rxd1 20.Bxd1 Qc7 21.Bd4 Nd7 
22.b4 Nb8 23.Ng3 Bg6 24.Bf3 Nd7 25.Qe2 Nb6 26.Be4 Nc4 27.Bxg6 hxg6 28.Rf4 
Rd8 29.h4 Rd5 30.Re4 a5 31.bxa5 Bc5 32.Kh2 Bxd4 33.cxd4 Qxa5 34.Rf4 Qd2 
35.Qf3 Rxd4 36.Rxf7 Rxh4+ 37.Kg1 Qd4+ 38.Qf2 Qxe5 39.Nf1 Rh5 40.Ra7 Rf5 
41.Ra8+ Kh7 42.Qh4+ Rh5 43.Qf2 Qe4 44.Rd8 Rf5 45.Qg3 g5 46.Qb8 Ne3 47.Rh8+
Kg6 48.Qe8+ Rf7 49.Nxe3 Qxe3+ 50.Kh2 Qe5+ 51.Kh1 Qe1+ 52.Kh2 Qe5+ 53.Kh1 
Qa1+ 54.Kh2 Qxa2 55.Qxb5 Qd5 56.Qxd5 exd5 57.Rd8 Rf5 58.g4 Re5 59.Rf8 Re4 
60.Kg3 d4 61.Rf5 Rf4 62.Rd5 Kf6 63.Rd8 g6 64.Kh3 Rf3+ 65.Kg2 Re3 66.Rg8 
Ke5 67.Rxg6 Kf4 68.Rd6 Re4 69.Kh3 Ke3 70.Rd5 d3 0-1

[Event "9th Capablanca Memorial"]
[Site "Cienfuegos CUB"]
[Date "1972.??.??"]
[Round "7"]
[White "Donner, Jan"]
[Black "Levy, David"]
[Result "1-0"]
[WhiteElo "2500"]
[BlackElo "2360"]
[EventDate "1972.02.??"]
[PlyCount "113"]

1.d4 Nf6 2.c4 c5 3.d5 b5 4.cxb5 a6 5.bxa6 Bxa6 6.Nc3 d6 7.Nf3 g6 8.Nd2 Bg7
9.e4 Nfd7 10.Bxa6 Nxa6 11.Nc4 Nb6 12.Nxb6 Qxb6 13.Qa4+ Kf8 14.O-O h6 15.
Nd1 Bf6 16.Ne3 Kg7 17.Nc4 Qb7 18.Bd2 Rhb8 19.a3 Nb4 20.Qd1 Qb5 21.Qe2 Nc2 
22.Bxh6+ Kxh6 23.Qxc2 Ra4 24.Rac1 Kg7 25.g3 Bd4 26.Rfd1 Rxc4 27.Qxc4 Qxb2 
28.Qc2 Qxa3 29.Rb1 Rxb1 30.Rxb1 Qf3 31.Re1 c4 32.Qe2 Qb3 33.Rc1 c3 34.Qd3 
Qb6 35.Rxc3 Bxc3 36.Qxc3+ Kg8 37.Kg2 Qb1 38.Qf3 Qb2 39.h4 Qe5 40.Qf4 Qd4 
41.g4 Kg7 42.h5 f6 43.hxg6 Kxg6 44.Qf5+ Kg7 45.g5 fxg5 46.Qxg5+ Kf8 47.
Qf5+ Ke8 48.Kg3 Qg7+ 49.Kh4 Kd8 50.f3 Qh6+ 51.Kg4 Qg7+ 52.Qg5 Qa1 53.Kf5 
Qh1 54.Ke6 Qh3+ 55.Qf5 Qh6+ 56.Kf7 Qh2 57.f4 1-0

[Event "9th Capablanca Memorial"]
[Site "Cienfuegos CUB"]
[Date "1972.??.??"]
[Round "7"]
[White "Garcia Martinez, Silvino"]
[Black "Hennings, Artur"]
[Result "1/2-1/2"]
[WhiteElo "2340"]
[BlackElo "2475"]
[EventDate "1972.02.??"]
[PlyCount "88"]

1.Nf3 d5 2.b3 c6 3.Bb2 Bg4 4.e3 Nd7 5.Be2 Ngf6 6.O-O e6 7.c4 Bd6 8.d3 O-O 
9.Nbd2 Qe7 10.Nd4 Bxe2 11.Qxe2 Ba3 12.Bxa3 Qxa3 13.Rfc1 Qe7 14.e4 dxe4 15.
dxe4 Ne5 16.N2f3 Rfd8 17.Rd1 Qc5 18.Rd2 Nxf3+ 19.Nxf3 Rxd2 20.Nxd2 Rd8 21.
Nf3 e5 22.Rd1 Rd6 23.Rxd6 Qxd6 24.Kf1 Kf8 25.Qc2 Nd7 26.Qd2 Qxd2 27.Nxd2 
a5 28.g3 Ke7 29.Ke2 Kd6 30.Kd3 b6 31.f4 Nc5+ 32.Ke3 f6 33.Nf3 Nd7 34.Ne1 
Nc5 35.Nf3 Ne6 36.fxe5+ fxe5 37.h4 h5 38.Kd3 Nc5+ 39.Ke3 Na6 40.Kd2 Nc5 
41.Ng5 Ke7 42.Kc3 Nd7 43.Kd3 Nf6 44.a3 Ng4 1/2-1/2

[Event "9th Capablanca Memorial"]
[Site "Cienfuegos CUB"]
[Date "1972.??.??"]
[Round "8"]
[White "Jimenez Zerquera, Eleazar"]
[Black "Ribli, Zoltan"]
[Result "0-1"]
[WhiteElo "2410"]
[BlackElo "2440"]
[EventDate "1972.02.??"]
[PlyCount "90"]

1.d4 Nf6 2.c4 g6 3.Nc3 d5 4.Bg5 Ne4 5.Bh4 c5 6.cxd5 Nxc3 7.bxc3 Qxd5 8.e3 
Bg7 9.Qf3 Qd8 10.Bb5+ Nd7 11.Ne2 cxd4 12.exd4 O-O 13.O-O a6 14.Bd3 Qc7 15.
Rab1 e5 16.Be4 Ra7 17.Bd5 Nb6 18.Be7 Qxe7 19.Rxb6 exd4 20.Nxd4 Qc5 21.Rfb1
Bxd4 22.cxd4 Qxd4 23.Qb3 a5 24.Rd1 Qe5 25.h3 a4 26.Qb4 Kg7 27.a3 Rd8 28.
Rb5 Rd6 29.Re1 Qf6 30.Qc5 Bd7 31.Rxb7 Rxb7 32.Bxb7 Rd3 33.Be4 Rc3 34.Qb4 
Qe5 35.Rd1 Be6 36.Bf3 Bxh3 37.Qd4 f6 38.Qxe5 fxe5 39.Rd5 Bf5 40.Rxe5 Rxa3 
41.Re7+ Kf6 42.Ra7 Ra1+ 43.Kh2 Be6 44.Ra6 Ke5 45.Be2 Bb3 0-1

[Event "9th Capablanca Memorial"]
[Site "Cienfuegos CUB"]
[Date "1972.??.??"]
[Round "8"]
[White "Levy, David"]
[Black "Quinteros, Miguel Angel"]
[Result "0-1"]
[WhiteElo "2360"]
[BlackElo "2465"]
[EventDate "1972.02.??"]
[PlyCount "74"]

1.e4 c5 2.Nf3 d6 3.d4 cxd4 4.Nxd4 Nf6 5.Nc3 a6 6.f4 Qc7 7.Bd3 b5 8.a4 b4 
9.Na2 e5 10.Nf3 Nc6 11.O-O Be7 12.Kh1 O-O 13.c3 bxc3 14.Nxc3 Nb4 15.Bb1 
Be6 16.Nh4 Bc4 17.Rf3 Nh5 18.Rh3 Nxf4 19.Bxf4 exf4 20.Qh5 Bxh4 21.Qxh4 h6 
22.Qxf4 Rfe8 23.Rg3 Re6 24.h3 Qc5 25.Kh2 Qe5 26.Qxe5 dxe5 27.a5 Rd6 28.Nd5
Nxd5 29.exd5 Bxd5 30.Bd3 e4 31.Be2 Be6 32.b4 Rd2 33.Re3 f5 34.Rd1 Rxd1 35.
Bxd1 Rb8 36.Be2 Rxb4 37.Bxa6 Ra4 0-1

[Event "9th Capablanca Memorial"]
[Site "Cienfuegos CUB"]
[Date "1972.??.??"]
[Round "8"]
[White "Mista, Ladislav"]
[Black "Lein, Anatoly"]
[Result "0-1"]
[WhiteElo "2410"]
[BlackElo "2510"]
[EventDate "1972.02.??"]
[PlyCount "88"]

1.e4 e5 2.Nf3 Nc6 3.Bb5 Nf6 4.d4 Nxe4 5.dxe5 d5 6.O-O Be7 7.c4 a6 8.Bxc6+ 
bxc6 9.Nd4 Qd7 10.f3 Nc5 11.cxd5 cxd5 12.f4 Ne4 13.f5 Bc5 14.b4 Bb6 15.Bb2
Qe7 16.Nd2 Qxe5 17.Kh1 O-O 18.Nxe4 dxe4 19.f6 g6 20.Nf5 Qxf5 21.Rxf5 Bxf5 
22.Qe1 e3 23.Qh4 Kh8 24.Bd4 Rae8 25.Bxb6 cxb6 26.Re1 Re6 27.Qh6 Rg8 28.
Rxe3 Rxf6 29.g4 Bxg4 30.Qh4 Bf3+ 31.Kg1 Kg7 32.Qd4 Bb7 33.Re1 Bc8 34.a4 
Bf5 35.Rc1 Rc8 36.Rxc8 Bxc8 37.h4 h6 38.Qe5 Bd7 39.a5 bxa5 40.bxa5 Bf5 41.
Kg2 g5 42.Kg3 Kg6 43.h5+ Kg7 44.Qd4 Bc8 0-1

[Event "9th Capablanca Memorial"]
[Site "Cienfuegos CUB"]
[Date "1972.??.??"]
[Round "8"]
[White "Hennings, Artur"]
[Black "Platonov, Igor"]
[Result "1/2-1/2"]
[WhiteElo "2475"]
[BlackElo "2470"]
[EventDate "1972.02.??"]
[PlyCount "46"]

1.e4 c5 2.Nf3 Nc6 3.Nc3 Nf6 4.d4 cxd4 5.Nxd4 d6 6.Bc4 Qb6 7.Nb3 e6 8.O-O 
a6 9.a4 Qc7 10.a5 Nxa5 11.Nxa5 b6 12.e5 bxa5 13.exf6 Qxc4 14.fxg7 Bxg7 15.
Qxd6 Bb7 16.Rd1 Qc6 17.Qxc6+ Bxc6 18.Rxa5 O-O 19.Rc5 Rfc8 20.Be3 Be8 21.
Rd3 Rxc5 22.Bxc5 Rc8 23.Be7 f5 1/2-1/2

[Event "9th Capablanca Memorial"]
[Site "Cienfuegos CUB"]
[Date "1972.??.??"]
[Round "8"]
[White "Minev, Nikolai"]
[Black "Garcia Martinez, Silvino"]
[Result "1/2-1/2"]
[WhiteElo "2455"]
[BlackElo "2340"]
[EventDate "1972.02.??"]
[PlyCount "30"]

1.d4 Nf6 2.c4 c5 3.d5 e6 4.Nc3 exd5 5.cxd5 d6 6.e4 g6 7.Nf3 Bg7 8.Bg5 h6 
9.Bh4 g5 10.Bg3 Nh5 11.Bb5+ Kf8 12.a4 Nxg3 13.fxg3 Nd7 14.Bxd7 Bxd7 15.O-O
Bg4 1/2-1/2

[Event "9th Capablanca Memorial"]
[Site "Cienfuegos CUB"]
[Date "1972.??.??"]
[Round "8"]
[White "Spiridonov, Nikola"]
[Black "Damjanovic, Mato"]
[Result "0-1"]
[WhiteElo "2450"]
[BlackElo "2490"]
[EventDate "1972.02.??"]
[PlyCount "83"]

1.Nf3 Nf6 2.g3 b5 3.Bg2 Bb7 4.O-O e6 5.d3 c5 6.e4 d6 7.a4 b4 8.e5 dxe5 9.
Nxe5 Bxg2 10.Kxg2 Nbd7 11.Nxd7 Qxd7 12.Nd2 Be7 13.Nc4 O-O 14.Qf3 Nd5 15.
Be3 Qc7 16.Rae1 Bf6 17.h4 Rac8 18.Bc1 Qc6 19.b3 Bc3 20.Re2 f6 21.h5 e5 22.
Ne3 Nxe3+ 23.Rxe3 Qd7 24.Rh1 f5 25.Qd1 Rcd8 26.Qf1 f4 27.Re4 fxg3 28.f3 
Rf5 29.Rg4 Rdf8 30.Rxg3 c4 31.h6 g6 32.dxc4 e4 33.f4 Qc6 34.Be3 Be5 35.Rh4
Bf6 36.Rhg4 Rd8 37.c5 Kh8 38.Qb5 Qd5 39.Qxb4 Qd1 40.Bf2 e3 41.Bxe3 Rh5 42.
Qc4 0-1

[Event "9th Capablanca Memorial"]
[Site "Cienfuegos CUB"]
[Date "1972.??.??"]
[Round "8"]
[White "Karaklajic, Nikola"]
[Black "Rodriguez Vargas, Orestes"]
[Result "1/2-1/2"]
[WhiteElo "2490"]
[BlackElo "2420"]
[EventDate "1972.02.??"]
[PlyCount "36"]

1.e4 c5 2.Nf3 Nc6 3.d4 cxd4 4.Nxd4 Nf6 5.Nc3 d6 6.Be3 Bd7 7.Be2 g6 8.Qd2 
Bg7 9.O-O-O O-O 10.h4 Nxd4 11.Bxd4 Qa5 12.Kb1 Rfc8 13.Bf3 Be6 14.Nd5 Qxd2 
15.Rxd2 Bxd5 16.exd5 Nd7 17.Bg4 f5 18.Be2 h5 1/2-1/2

[Event "9th Capablanca Memorial"]
[Site "Cienfuegos CUB"]
[Date "1972.??.??"]
[Round "9"]
[White "Quinteros, Miguel Angel"]
[Black "Jimenez Zerquera, Eleazar"]
[Result "1-0"]
[WhiteElo "2465"]
[BlackElo "2410"]
[EventDate "1972.02.??"]
[PlyCount "81"]

1.Nf3 Nf6 2.g3 g6 3.c4 Bg7 4.d4 c5 5.Bg2 O-O 6.O-O cxd4 7.Nxd4 Nc6 8.Nc3 
Nxd4 9.Qxd4 d6 10.Qd3 Be6 11.Bxb7 Rb8 12.Bg2 Qa5 13.b3 Rxb3 14.axb3 Qxa1 
15.Bd2 Qa6 16.Nb5 Nd7 17.Nc7 Qa2 18.Nxe6 fxe6 19.Qe3 e5 20.b4 Nf6 21.c5 d5
22.c6 Ne8 23.Bc3 d4 24.Qd3 Nd6 25.Ba1 Qe6 26.Qa6 Nc8 27.Be4 Kh8 28.Qa5 Qc4
29.Re1 Qf7 30.Rf1 Qc4 31.Re1 Qf7 32.f3 Nd6 33.Qd5 Qf6 34.Bb2 Nxe4 35.Qxe4 
Qd6 36.Rc1 Rc8 37.Rc5 Bf6 38.Qc2 a5 39.bxa5 e4 40.fxe4 d3 41.Bxf6+ 1-0

[Event "9th Capablanca Memorial"]
[Site "Cienfuegos CUB"]
[Date "1972.??.??"]
[Round "9"]
[White "Garcia Martinez, Silvino"]
[Black "Karaklajic, Nikola"]
[Result "1-0"]
[WhiteElo "2340"]
[BlackElo "2490"]
[EventDate "1972.02.??"]
[PlyCount "73"]

1.Nf3 d5 2.b3 Nf6 3.Bb2 g6 4.c4 c6 5.e3 Bg7 6.Be2 O-O 7.O-O Bg4 8.d3 e6 9.
Nbd2 Ne8 10.Bxg7 Nxg7 11.Ne5 Bxe2 12.Qxe2 Nd7 13.Nxd7 Qxd7 14.d4 Nf5 15.
Nf3 Nd6 16.c5 Ne4 17.b4 f6 18.a4 a6 19.Qb2 Qc7 20.Rfc1 g5 21.b5 axb5 22.
axb5 Rxa1 23.Rxa1 cxb5 24.Qxb5 Qc6 25.Qb2 Rb8 26.Rb1 b5 27.Qb4 Ra8 28.Ne1 
g4 29.f3 gxf3 30.gxf3 Ng5 31.Qxb5 Qc7 32.Qb7 Nh3+ 33.Kh1 Qa5 34.Qb6 Kf7 
35.Qxa5 Rxa5 36.Kg2 Ng5 37.h4 1-0

[Event "9th Capablanca Memorial"]
[Site "Cienfuegos CUB"]
[Date "1972.??.??"]
[Round "9"]
[White "Lein, Anatoly"]
[Black "Diaz Diaz, Joaquin"]
[Result "1/2-1/2"]
[WhiteElo "2510"]
[BlackElo "2270"]
[EventDate "1972.02.??"]
[PlyCount "81"]

1.e4 c5 2.Nc3 Nc6 3.g3 g6 4.Bg2 Bg7 5.d3 d6 6.f4 e6 7.Nf3 Nge7 8.O-O O-O 
9.Be3 b6 10.d4 d5 11.exd5 exd5 12.dxc5 Bg4 13.Bf2 bxc5 14.Bxc5 Qa5 15.Bf2 
Rab8 16.Rb1 Rb7 17.h3 Bf5 18.g4 Be4 19.Nxe4 dxe4 20.Ng5 Rd8 21.Qe2 Nd5 22.
Qxe4 Qxa2 23.Rbd1 Rbd7 24.Kh2 Qxb2 25.Rfe1 Qf6 26.Bg3 h6 27.Qe8+ Bf8 28.
Rxd5 Rxe8 29.Rxe8 Re7 30.Rxf8+ Kg7 31.Rc5 hxg5 32.Rxc6 Qd4 33.Rcc8 gxf4 
34.Rg8+ Kh7 35.Rh8+ Qxh8 36.Rxh8+ Kxh8 37.Bxf4 a5 38.c4 a4 39.Bd6 Re3 40.
c5 a3 41.c6 1/2-1/2

[Event "9th Capablanca Memorial"]
[Site "Cienfuegos CUB"]
[Date "1972.??.??"]
[Round "9"]
[White "Damjanovic, Mato"]
[Black "Lengyel, Levente"]
[Result "1/2-1/2"]
[WhiteElo "2490"]
[BlackElo "2485"]
[EventDate "1972.02.??"]
[PlyCount "28"]

1.d4 d5 2.c4 e6 3.Nc3 Nf6 4.Bg5 Be7 5.e3 O-O 6.Rc1 h6 7.Bh4 b6 8.cxd5 exd5
9.Nf3 Bb7 10.Be2 Nbd7 11.O-O Ne4 12.Bxe7 Qxe7 13.Qb3 c6 14.Nxe4 Qxe4 
1/2-1/2

[Event "9th Capablanca Memorial"]
[Site "Cienfuegos CUB"]
[Date "1972.??.??"]
[Round "9"]
[White "Platonov, Igor"]
[Black "Minev, Nikolai"]
[Result "1-0"]
[WhiteElo "2470"]
[BlackElo "2455"]
[EventDate "1972.02.??"]
[PlyCount "59"]

1.c4 Nf6 2.g3 c6 3.Nf3 d5 4.Bg2 e6 5.O-O Be7 6.d4 O-O 7.Qc2 Nbd7 8.Rd1 Ne4
9.Nbd2 f5 10.b3 Qe8 11.Bb2 Qh5 12.e3 g5 13.Ne1 Ndf6 14.Nd3 Bd7 15.f3 Nxd2 
16.Qxd2 Bd6 17.Bc3 Rf7 18.Bb4 Bc7 19.Ne5 Rg7 20.Rf1 Rd8 21.Qc2 Be8 22.g4 
Qh6 23.gxf5 g4 24.fxe6 Bg6 25.Qe2 Bh5 26.e7 Re8 27.fxg4 Bxg4 28.Rxf6 Qxf6 
29.Nxg4 Qg5 30.Rf1 1-0

[Event "9th Capablanca Memorial"]
[Site "Cienfuegos CUB"]
[Date "1972.??.??"]
[Round "9"]
[White "Ribli, Zoltan"]
[Black "Hennings, Artur"]
[Result "1/2-1/2"]
[WhiteElo "2440"]
[BlackElo "2475"]
[EventDate "1972.02.??"]
[PlyCount "83"]

1.e4 e5 2.Nf3 Nc6 3.Bb5 a6 4.Bxc6 dxc6 5.O-O Qd6 6.d3 f6 7.Be3 c5 8.Nbd2 
Be6 9.Qe2 Ne7 10.Rfd1 Nc6 11.c3 Be7 12.a3 O-O 13.b4 cxb4 14.axb4 Rad8 15.
Nc4 Qd7 16.h3 Qe8 17.Nh4 Qf7 18.Nd2 Rd7 19.Nf5 Rfd8 20.Nxe7+ Qxe7 21.Nf3 
Bf7 22.Ne1 Qe6 23.Qb2 h6 24.Rd2 Ne7 25.b5 axb5 26.Qxb5 b6 27.c4 Be8 28.c5 
bxc5 29.Qxc5 Kh7 30.Rb2 Ng6 31.Ra7 c6 32.Rbb7 Ne7 33.Rxd7 Rxd7 34.Ra8 Ng6 
35.Qb6 Bf7 36.Rc8 Ne7 37.Rb8 Ng6 38.Kh2 h5 39.Bc5 Nf4 40.Qa6 h4 41.Rc8 
Nxd3 42.Nxd3 1/2-1/2

[Event "9th Capablanca Memorial"]
[Site "Cienfuegos CUB"]
[Date "1972.??.??"]
[Round "10"]
[White "Levy, David"]
[Black "Jimenez Zerquera, Eleazar"]
[Result "1-0"]
[WhiteElo "2360"]
[BlackElo "2410"]
[EventDate "1972.02.??"]
[PlyCount "111"]

1.e4 e5 2.Nf3 d6 3.d4 exd4 4.Qxd4 Nc6 5.Bb5 Bd7 6.Bxc6 bxc6 7.Bg5 f6 8.Bd2
Ne7 9.O-O Ng6 10.Nc3 Be7 11.Qc4 c5 12.Nd5 Rb8 13.Ba5 Rb7 14.a4 Bg4 15.Nd2 
Qc8 16.Nxe7 Nxe7 17.Bc3 Be6 18.Qe2 O-O 19.Rae1 Nc6 20.b3 Qd7 21.Nc4 Rbb8 
22.f4 Rbe8 23.Ne3 f5 24.exf5 Bxf5 25.Qd2 Kh8 26.Nxf5 Qxf5 27.Rxe8 Rxe8 28.
Re1 Re4 29.g3 Kg8 30.Qg2 Rxe1+ 31.Bxe1 d5 32.c4 Ne7 33.cxd5 Nxd5 34.Qe2 
Kf7 35.Qc4 Qe6 36.Bf2 a6 37.Qxc5 h5 38.Qc2 h4 39.f5 Qe5 40.Kg2 hxg3 41.
hxg3 Kf6 42.Qd3 Qd6 43.Bd4+ Kf7 44.Kf3 Qh6 45.Kg2 Qd6 46.Qe4 Nf6 47.Bxf6 
Kxf6 48.Kh3 Qd7 49.Qh4+ Ke5 50.Qf4+ Kf6 51.g4 Qd3+ 52.Kh4 Qc3 53.g5+ Ke7 
54.Kh5 Kf8 55.Qc4 Qe5 56.Qe6 1-0

[Event "9th Capablanca Memorial"]
[Site "Cienfuegos CUB"]
[Date "1972.??.??"]
[Round "10"]
[White "Hennings, Artur"]
[Black "Quinteros, Miguel Angel"]
[Result "1-0"]
[WhiteElo "2475"]
[BlackElo "2465"]
[EventDate "1972.02.??"]
[PlyCount "111"]

1.e4 c5 2.Nf3 d6 3.d4 cxd4 4.Nxd4 Nf6 5.Nc3 a6 6.f4 Qc7 7.Bd3 Nbd7 8.Nf3 
b5 9.O-O Bb7 10.Qe1 e5 11.Kh1 g6 12.Qh4 Bg7 13.a3 O-O 14.fxe5 dxe5 15.Bh6 
Rae8 16.Ng5 Nh5 17.Bxg7 Kxg7 18.g4 Nhf6 19.Rf3 h6 20.Nh3 Nh7 21.g5 hxg5 
22.Nxg5 Nxg5 23.Qxg5 Qd8 24.Qg2 Nc5 25.Rg1 Qe7 26.Qg3 Rh8 27.Rgf1 Ref8 28.
b4 Nxd3 29.cxd3 Rh5 30.Qf2 f5 31.Rg1 Qh4 32.Rfg3 Kh7 33.Qg2 Rg8 34.Rxg6 
Qxh2+ 35.Qxh2 Rxh2+ 36.Kxh2 Rxg6 37.exf5 Rh6+ 38.Kg3 Rd6 39.Rd1 Kg7 40.Kf2
Kf6 41.Ke3 Rd7 42.Rc1 Rh7 43.Ne4+ Kxf5 44.Nd6+ Ke6 45.Nxb7 Rxb7 46.Rc6+ 
Kf5 47.Rxa6 Rh7 48.Ra5 Rh3+ 49.Kd2 e4 50.Rxb5+ Kf4 51.dxe4 Rxa3 52.e5 Re3 
53.Rc5 Rxe5 54.Kc3 Re8 55.Kc4 Ke4 56.b5 1-0

[Event "9th Capablanca Memorial"]
[Site "Cienfuegos CUB"]
[Date "1972.??.??"]
[Round "10"]
[White "Lengyel, Levente"]
[Black "Rodriguez Vargas, Orestes"]
[Result "1/2-1/2"]
[WhiteElo "2485"]
[BlackElo "2420"]
[EventDate "1972.02.??"]
[PlyCount "108"]

1.Nf3 c5 2.c4 Nc6 3.Nc3 g6 4.e3 Bg7 5.d4 cxd4 6.exd4 d6 7.d5 Ne5 8.Nxe5 
Bxe5 9.Be2 Bg7 10.Be3 Nf6 11.O-O O-O 12.Qd2 Re8 13.Rfe1 Bd7 14.Bf1 a6 15.
Bd4 Qc7 16.Ne4 Nxe4 17.Rxe4 Bxd4 18.Qxd4 e5 19.dxe6 Bxe6 20.Qd2 Red8 21.
Qh6 Qe7 22.Rh4 Qf6 23.Qxh7+ Kf8 24.Qh8+ Qxh8 25.Rxh8+ Ke7 26.Rxd8 Rxd8 27.
Rd1 Rc8 28.b3 Rc5 29.f3 a5 30.Kf2 d5 31.cxd5 Bxd5 32.Ke3 Be6 33.Bd3 a4 34.
bxa4 Rc3 35.Kf4 Ra3 36.Bb5 Rxa2 37.Kg3 g5 38.Rd4 f5 39.f4 g4 40.Rd3 Rc2 
41.h3 gxh3 42.gxh3 Rc8 43.Kf2 Rc2+ 44.Kg3 Rc8 45.Re3 Kf6 46.Rd3 Ke7 47.Re3
Kf6 48.Rd3 Ke7 49.Kf2 Rc2+ 50.Kf3 Rc1 51.Rd4 Rc3+ 52.Rd3 Rc1 53.Rd4 Rc3+ 
54.Rd3 Rc1 1/2-1/2

[Event "9th Capablanca Memorial"]
[Site "Cienfuegos CUB"]
[Date "1972.??.??"]
[Round "10"]
[White "Spiridonov, Nikola"]
[Black "Garcia Martinez, Silvino"]
[Result "1-0"]
[WhiteElo "2450"]
[BlackElo "2340"]
[EventDate "1972.02.??"]
[PlyCount "145"]

1.g3 e5 2.Bg2 Nc6 3.c4 g6 4.Nc3 d6 5.d3 Bg7 6.Rb1 Be6 7.b4 Qd7 8.b5 Nd8 9.
a4 Ne7 10.Qb3 O-O 11.Ba3 f5 12.Nf3 h6 13.Nd5 f4 14.Nxe7+ Qxe7 15.Nd2 Rb8 
16.O-O h5 17.Bd5 b6 18.Ne4 Kh8 19.a5 Bh3 20.axb6 axb6 21.Rfe1 h4 22.gxf4 
Rxf4 23.Kh1 g5 24.Bc1 Rg4 25.Rg1 Rxg1+ 26.Kxg1 Ne6 27.Kh1 Nf4 28.Bxf4 exf4
29.Rg1 g4 30.c5 g3 31.cxd6 g2+ 32.Rxg2 Bxg2+ 33.Kxg2 cxd6 34.Be6 Be5 35.h3
Qf8 36.Nd2 Re8 37.Qd5 Re7 38.Nf3 Qg7+ 39.Bg4 Qg8 40.Qc6 Qd8 41.Nxh4 Rc7 
42.Qxb6 Qa8+ 43.Nf3 Qa7 44.Qxa7 Rxa7 45.Be6 Rb7 46.Bc4 Bf6 47.Nd2 d5 48.
Bxd5 Rxb5 49.Bf3 Bg5 50.Bg4 Kg7 51.Kf3 Re5 52.d4 Ra5 53.Be6 Kf6 54.Bc4 Kf5
55.Bd3+ Ke6 56.Ke4 Bh4 57.Nf3 Bxf2 58.Kxf4 Rh5 59.Bg6 Ra5 60.e4 Ra4 61.
Bf5+ Kd6 62.e5+ Ke7 63.Ke4 Ra3 64.Bg4 Ra4 65.h4 Kf8 66.h5 Kg7 67.e6 Kf6 
68.h6 Ra1 69.h7 Rh1 70.Bf5 Rh5 71.Ne5 Rh4+ 72.Ng4+ Kg7 73.h8=Q+ 1-0

[Event "9th Capablanca Memorial"]
[Site "Cienfuegos CUB"]
[Date "1972.??.??"]
[Round "10"]
[White "Karaklajic, Nikola"]
[Black "Platonov, Igor"]
[Result "0-1"]
[WhiteElo "2490"]
[BlackElo "2470"]
[EventDate "1972.02.??"]
[PlyCount "74"]

1.e4 c5 2.Nf3 d6 3.d4 cxd4 4.Nxd4 Nf6 5.Nc3 a6 6.Be2 e6 7.O-O Qc7 8.a4 Nc6
9.Be3 Be7 10.f4 O-O 11.Qe1 Bd7 12.Qg3 Rac8 13.Nxc6 Bxc6 14.Bd4 g6 15.f5 e5
16.Be3 Kh8 17.Bg5 Nxe4 18.Nxe4 Bxe4 19.f6 Bd8 20.Bd3 Qc6 21.a5 Bxd3 22.
cxd3 Bxa5 23.Kh1 Bb6 24.Qh3 h5 25.Rac1 Qe8 26.Bh6 Rxc1 27.Rxc1 Rg8 28.Rc4 
Qb5 29.Bc1 Rd8 30.Qg3 Qb3 31.Qf3 d5 32.Rc3 Qb4 33.h3 Qd4 34.Qf1 e4 35.Kh2 
e3 36.Qf3 Qe5+ 37.g3 e2 0-1

[Event "9th Capablanca Memorial"]
[Site "Cienfuegos CUB"]
[Date "1972.??.??"]
[Round "10"]
[White "Mista, Ladislav"]
[Black "Damjanovic, Mato"]
[Result "1/2-1/2"]
[WhiteElo "2410"]
[BlackElo "2490"]
[EventDate "1972.02.??"]
[PlyCount "39"]

1.d4 Nf6 2.c4 e6 3.Nf3 b6 4.g3 Bb7 5.Bg2 Be7 6.O-O O-O 7.Nc3 Ne4 8.Qc2 
Nxc3 9.Qxc3 c5 10.Rd1 d6 11.b3 Nc6 12.Bb2 Bf6 13.Qd2 Qe7 14.e4 Rad8 15.d5 
Bxb2 16.Qxb2 Nb8 17.e5 exd5 18.cxd5 Nd7 19.exd6 Qxd6 20.Nd2 1/2-1/2

[Event "9th Capablanca Memorial"]
[Site "Cienfuegos CUB"]
[Date "1972.??.??"]
[Round "10"]
[White "Minev, Nikolai"]
[Black "Ribli, Zoltan"]
[Result "0-1"]
[WhiteElo "2455"]
[BlackElo "2440"]
[EventDate "1972.02.??"]
[PlyCount "68"]

1.e4 c5 2.f4 Nc6 3.Nf3 g6 4.Nc3 Bg7 5.g3 d6 6.Bg2 e6 7.O-O Nge7 8.d3 O-O 
9.Kh1 b6 10.Bd2 Bb7 11.Rb1 Qd7 12.a3 Rac8 13.Ne2 f5 14.b4 Nd4 15.Ne1 e5 
16.bxc5 dxc5 17.Nxd4 cxd4 18.Qe2 exf4 19.gxf4 Rfe8 20.Qf2 Rc7 21.Bb4 Rec8 
22.Rc1 Nc6 23.e5 Nxb4 24.Bxb7 Nxd3 25.cxd3 Rxc1 26.Qa2+ Kh8 27.Bxc8 Rxc8 
28.Kg1 Rc3 29.Rf2 Bf8 30.Rc2 Bc5 31.Rxc3 dxc3+ 32.Kf1 Qd4 33.Nf3 Qxf4 34.
Kg2 Qg4+ 0-1

[Event "9th Capablanca Memorial"]
[Site "Cienfuegos CUB"]
[Date "1972.??.??"]
[Round "11"]
[White "Garcia Martinez, Silvino"]
[Black "Lengyel, Levente"]
[Result "1/2-1/2"]
[WhiteElo "2340"]
[BlackElo "2485"]
[EventDate "1972.02.??"]
[PlyCount "30"]

1.e4 c5 2.Nf3 e6 3.d4 cxd4 4.Nxd4 Nc6 5.Nb5 d6 6.c4 Nf6 7.N1c3 a6 8.Na3 
Be7 9.Be2 O-O 10.O-O b6 11.Be3 Bb7 12.f3 Qc7 13.Rc1 Ne5 14.Qe1 Ned7 15.Qf2
Rab8 1/2-1/2

[Event "9th Capablanca Memorial"]
[Site "Cienfuegos CUB"]
[Date "1972.??.??"]
[Round "11"]
[White "Rodriguez Vargas, Orestes"]
[Black "Mista, Ladislav"]
[Result "1-0"]
[WhiteElo "2420"]
[BlackElo "2410"]
[EventDate "1972.02.??"]
[PlyCount "103"]

1.e4 c5 2.Nf3 Nc6 3.d4 cxd4 4.Nxd4 Qc7 5.Nc3 e6 6.g3 d6 7.Bg2 a6 8.O-O Bd7
9.Re1 Be7 10.Nxc6 Bxc6 11.Qg4 Kf8 12.a4 Nf6 13.Qe2 h6 14.a5 Kg8 15.Be3 Kh7
16.Bb6 Qc8 17.f4 Re8 18.Bf2 Kg8 19.Na4 Qc7 20.Nb6 Rad8 21.c4 d5 22.cxd5 
exd5 23.e5 Ne4 24.Nxd5 Bxd5 25.Bxe4 Bxe4 26.Qxe4 Rd2 27.Rec1 Qd7 28.Rc2 
Rc8 29.e6 Qd8 30.exf7+ Kf8 31.Rxd2 Qxd2 32.Re1 Qd7 33.Bd4 Kxf7 34.Bc3 Bf6 
35.Bxf6 Kxf6 36.Kg2 Qc6 37.Kf3 Qxe4+ 38.Rxe4 Rc2 39.Rb4 Rc7 40.Rb6+ Kf7 
41.h4 h5 42.f5 Rc5 43.Kf4 Rxa5 44.Kg5 Rd5 45.Rxb7+ Kf8 46.Kg6 Rd3 47.g4 
hxg4 48.Rb8+ Ke7 49.Kxg7 g3 50.f6+ Ke6 51.Re8+ Kd5 52.Re2 1-0

[Event "9th Capablanca Memorial"]
[Site "Cienfuegos CUB"]
[Date "1972.??.??"]
[Round "11"]
[White "Quinteros, Miguel Angel"]
[Black "Minev, Nikolai"]
[Result "1-0"]
[WhiteElo "2465"]
[BlackElo "2455"]
[EventDate "1972.02.??"]
[PlyCount "85"]

1.Nf3 Nf6 2.g3 b5 3.Bg2 Bb7 4.O-O d6 5.d3 e6 6.e4 Be7 7.Ne1 O-O 8.e5 Bxg2 
9.exf6 Bxf1 10.fxe7 Qxe7 11.Kxf1 Nd7 12.Qe2 c6 13.Nf3 Nb6 14.Qe4 d5 15.Qe2
c5 16.d4 cxd4 17.Nxd4 a6 18.Nd2 Rac8 19.N2f3 Rfe8 20.c3 Na4 21.Be3 f6 22.
Nb3 e5 23.Rd1 Qe6 24.Rd2 Red8 25.Ng1 Qf7 26.f4 Qg6 27.fxe5 fxe5 28.Bf2 
Qb1+ 29.Kg2 Re8 30.Rxd5 Qxb2 31.Qxb2 Nxb2 32.Nc5 Rcd8 33.Rxd8 Rxd8 34.Nxa6
Rd2 35.Nf3 Rc2 36.Nb4 Re2 37.Kf1 Re4 38.h3 Rc4 39.Be1 Na4 40.Nxe5 Rc8 41.
Nbc6 Re8 42.Ke2 Nb6 43.Kd3 1-0

[Event "9th Capablanca Memorial"]
[Site "Cienfuegos CUB"]
[Date "1972.??.??"]
[Round "11"]
[White "Jimenez Zerquera, Eleazar"]
[Black "Hennings, Artur"]
[Result "1/2-1/2"]
[WhiteElo "2410"]
[BlackElo "2475"]
[EventDate "1972.02.??"]
[PlyCount "33"]

1.d4 d5 2.c4 c6 3.cxd5 cxd5 4.Nc3 Nc6 5.Bf4 Nf6 6.Nf3 Bf5 7.e3 e6 8.Bb5 
Nd7 9.O-O Be7 10.Bxc6 bxc6 11.Ne5 Nxe5 12.Bxe5 O-O 13.Rc1 Rc8 14.Na4 Qa5 
15.Qb3 f6 16.Bg3 Rfe8 17.Nc5 1/2-1/2

[Event "9th Capablanca Memorial"]
[Site "Cienfuegos CUB"]
[Date "1972.??.??"]
[Round "11"]
[White "Damjanovic, Mato"]
[Black "Diaz Diaz, Joaquin"]
[Result "1-0"]
[WhiteElo "2490"]
[BlackElo "2270"]
[EventDate "1972.02.??"]
[PlyCount "125"]

1.e4 c5 2.Nf3 d6 3.d4 cxd4 4.Qxd4 Nc6 5.Bb5 Bd7 6.Bxc6 Bxc6 7.c4 Nf6 8.Nc3
e6 9.O-O Be7 10.Rd1 O-O 11.Qd3 a6 12.Bf4 Qa5 13.Nd4 Rfd8 14.Qe2 Rac8 15.
Nb3 Qb4 16.Bd2 Qb6 17.Nd5 exd5 18.exd5 Ba4 19.Ba5 Qa7 20.Qxe7 Re8 21.Qxd6 
Qxf2+ 22.Kxf2 Ne4+ 23.Kg1 Nxd6 24.c5 Nc4 25.Bc3 Re2 26.Re1 Rce8 27.Rxe2 
Rxe2 28.Nd4 Re3 29.Rc1 Bd7 30.Kf2 Re8 31.Nc2 Bf5 32.Re1 Rd8 33.Ne3 Nxe3 
34.Rxe3 f6 35.d6 Bd7 36.Re7 Bc6 37.Ba5 Rd7 38.Re8+ Kf7 39.Rh8 h6 40.g3 Ke6
41.Bb6 Rf7 42.Ke3 Kd5 43.b3 f5 44.h4 Rf6 45.Rc8 Rf7 46.h5 Bb5 47.Kf4 Bc6 
48.a3 Ke6 49.Ba5 Bd5 50.Re8+ Kd7 51.Re3 Be6 52.b4 g5+ 53.hxg6 Rg7 54.a4 
Rxg6 55.b5 Rg4+ 56.Ke5 axb5 57.axb5 Bc4 58.Kxf5 Rg5+ 59.Kf6 Rxc5 60.Re7+ 
Kxd6 61.Bb4 b6 62.Rb7 Kd5 63.Rd7+ 1-0